000 00225nam a22000857a 4500
008 170606b xxu||||| |||| 00| 0 eng d
100 _93281
_aSurti. S
245 _aA Visit to the Zoo
260 _aNew Delhi
_bNational Book Trust
_c2004
999 _c6598
_d6598